000 00320nam a2200109Ia 4500
008 171211s9999 xx 000 0 und d
245 _aBlackpentecostal Breath: The Aesthetics of Possibility
245 _cAshon T. Crawley
260 _c2016
650 _xReligion
856 _uhttp://down.ebook777.com/064/0823274551.pdf
999 _c350443
_d350443